00823cam a22002174a 4500001001300000003000400013005001700017008004100034010001700075040001800092041001300110050002200123100003700145245014000182260005700322300003600379546002400415504006200439650005200501650005200553sa 68005907 DLC20260227112512.0831227s1967 ii b 000 0 hino  asa 68005907  aDLCcDLCdDLC0 ahinabho00aPK1826b.S54 19671 aSiṃha, Śukadeva,d1933-2007.10aBhojapurī aura Hindī :bMaithilī, Magahī, Vajjikā, Aṅgikā aura Nepālī pariśishṭa pūrvaka /cŚukadeva Siṃha. aMujaphpharapura :bBhāvanā Prakāśana,c1967. a1 v. (various pagings) ;c22 cm aHindi and Bhojpuri. aIncludes bibliographical references (p. [1] (last group). 0aBhojpuri languagexGrammar, ComparativexHindi. 0aHindi languagexGrammar, ComparativexBhojpuri.